01222nam a2200241Ia 4500001000600000003000900006008004100015040001300056040001300069041001300082100001100095100002900106245007200135245007200207250001100279260001200290260002900302260004900331300005800380500047900438650003200917650003100949C9623IT-RoPAU130308s9999 xx 000 0 und d aIT-RoPAU cIT-RoPAU aITALIANO aAA.VV. gCodice Aut. SPICS: 12000 aEnchiridion biblicum - Documenti della chiesa sulla sacra scrittura bEnchiridion Biblicum - Documenti della Chiesa Sulla sacra Scrittura a2a ed. aBOLOGNA bEDB - Edizioni Dehoniane c1994 [1° Ed.:1927 - Ed.Ling.Originale:1927] a"1472 p. (prefazione: 24; testo: 1448 [pagine: 0-0])" aEdizione bilingue in Latino e Italiano. Testi che vanno dal Frammento Muratoriano del Ii Secolo al Discorso del 23 Aprile 1993 di Giovanni Paolo Ii.121 Documenti Disposti in Ordine cronologico su un Arco di 19 Secoli. chiude un Documento della Pcb Sull'Interpretazione della Bibbia nella Chiesa. Indici Vari: Scritturistico, indice delle Fonti, indice Analitico degli Argomenti. Volume a cura di Alfio Filippi ed Erminio Lora. Traduzione di Stefano Bittasi e Luca Ravaglia. aSTUDI/COMMENTI SULLA BIBBIA eCodice materia Spics: 9052